| 000 | 01223nam0a2200301 i 4500 | ||
|---|---|---|---|
| 001 | RU\NLR\BIBL_A\011343513 | ||
| 005 | 20260407232205.0 | ||
| 035 | _a(NILC)LIBNET\0000277335 | ||
| 035 | _a(NLR Aleph) 011343513 | ||
| 090 |
_a11205223 _c11205223 |
||
| 100 | _a20170310d2012 u y0rusy50 ba | ||
| 101 | 0 | _arus | |
| 102 | _aRU | ||
| 105 | _aa z 000zy | ||
| 200 | 1 |
_aCash is king _eуправление денежными потоками компании _f[подготовлено редакцией журнала "Финансовый директор"] |
|
| 210 |
_aМосква _cФинансовый директор _cАктион-Медиа _d2012 |
||
| 215 |
_a144 с. _cил. _d21 |
||
| 606 | 1 |
_aПредприятия _xФинансы _xУправление _92091926 _3RU\NLR\AUTH\661266104 |
|
| 686 |
_a65.262.63-93-21 _vLBC/M _2rubbk |
||
| 686 | 1 | _aУ26(2)19 | |
| 712 | 0 | 2 |
_4570 _a"Финансовый директор", журнал _cМосква _3RU\NLR\AUTH\8810157911 _9811199 |
| 801 | 0 |
_aRU _bОмская ГОНБ _c20121004 _grcr |
|
| 801 | 1 |
_aRU _bОмская ГОНБ _c20121004 _grcr _2rusmarc |
|
| 942 | _cBOOK | ||
| 980 | _aNBR | ||